[Event "Juiz de Fora op"]
[White "Rouanet, Luiz Paulo"]
[Black "Pereira Fo, Hildebrando Apolon"]
[Site "Juiz de Fora"]
[Round "6"]
[Result "1-0"]
[Date "2016.11.06"]
[WhiteElo "1995"]
[BlackElo "1755"]
[PlyCount "101"]
[EventDate "2016.11.04"]
[EventType "swiss"]
[EventRounds "6"]
[EventCountry "BRA"]
[SourceTitle "CBM 175 Extra"]
[Source "ChessBase"]
[SourceDate "2016.12.12"]
[SourceVersion "1"]
[SourceVersionDate "2016.12.12"]
[SourceQuality "1"]

1. d4 d5 2. Nf3 g6 3. Bf4 Bg7 4. e3 Nf6 5. h3 c6 6. c4 Qa5+ 7. Nbd2 Bf5 8. Be2 dxc4 9. Bxc4 Ne4 10. 0-0 0-0 11. g4 Nxd2 12. Nxd2 Bc8 13. Nf3 Nd7 14. Qb3 Nb6 15. Bc7 Bd7 16. Ne5 Bxe5 17. dxe5 Rac8 18. Bxb6 Qxb6 19. e6 Be8 20. exf7+ Bxf7 21. Bxf7+ Rxf7 22. Qe6 Rcf8 23. b3 c5 24. Qxb6 axb6 25. a4 e5 26. Rad1 e4 27. Rd6 Rf6 28. Rxf6 Rxf6 29. Rd1 Kg7 30. Rd5 h6 31. Re5 Rd6 32. Re7+ Kf6 33. Rxb7 g5 34. Kg2 Ke6 35. Kg3 Kd5 36. Re7 Re6 37. Rxe6 Kxe6 38. f4 exf3 39. Kxf3 Ke5 40. Kf2 Kd5 41. Kf3 Ke5 42. Ke2 Ke4 43. Kd2 Kf3 44. Kd3 Kg3 45. e4 Kxh3 46. e5 Kxg4 47. e6 Kh4 48. e7 g4 49. e8Q h5 50. Ke3 g3 51. Kf3 1-0

[Event "Juiz de Fora op"]
[White "De Oliveira, Alexandre Moraes"]
[Black "Rouanet, Luiz Paulo"]
[Site "Juiz de Fora"]
[Round "1"]
[Result "0-1"]
[Date "2016.11.04"]
[WhiteElo "1812"]
[BlackElo "1995"]
[PlyCount "74"]
[EventDate "2016.11.04"]
[EventType "swiss"]
[EventRounds "6"]
[EventCountry "BRA"]
[SourceTitle "CBM 175 Extra"]
[Source "ChessBase"]
[SourceDate "2016.12.12"]
[SourceVersion "1"]
[SourceVersionDate "2016.12.12"]
[SourceQuality "1"]

1. e4 Nf6 2. Nc3 e5 3. f4 d5 4. fxe5 Nxe4 5. Nf3 Bg4 6. Bd3 Nc5 7. Qe2 Be7 8. 0-0 0-0 9. b4 Ne6 10. a3 Nd4 11. Bxh7+ Kh8 12. Qd3 Nxf3+ 13. gxf3 Bh3 14. Rd1 g6 15. Bxg6 fxg6 16. Nxd5 Bh4 17. f4 Bf5 18. Qf3 c6 19. Ne3 Be6 20. Bb2 Kh7 21. c4 Na6 22. d4 Bg5 23. Ng2 Bxc4 24. Qh3+ Bh6 25. Rac1 Bd5 26. Rc2 Qc8 27. Qh4 Qf5 28. Rf2 Bxg2 29. Kxg2 Nc7 30. Bc1 Rf7 31. Rf3 g5 32. Qh5 gxf4 33. Qxf5+ Rxf5 34. a4 Rd8 35. b5 cxb5 36. axb5 Nxb5 37. Rfd3 f3+ 0-1

[Event "Juiz de Fora op"]
[White "Rouanet, Luiz Paulo"]
[Black "Pizzotti, Maria Clara Dias"]
[Site "Juiz de Fora"]
[Round "2"]
[Result "1-0"]
[Date "2016.11.04"]
[WhiteElo "1995"]
[BlackElo "1773"]
[PlyCount "57"]
[EventDate "2016.11.04"]
[EventType "swiss"]
[EventRounds "6"]
[EventCountry "BRA"]
[SourceTitle "CBM 175 Extra"]
[Source "ChessBase"]
[SourceDate "2016.12.12"]
[SourceVersion "1"]
[SourceVersionDate "2016.12.12"]
[SourceQuality "1"]

1. d4 c6 2. c4 Nf6 3. Nc3 e6 4. Bf4 d6 5. e3 Be7 6. h3 0-0 7. Bd3 Nbd7 8. Nf3 a6 9. 0-0 Rb8 10. c5 Qc7 11. Rc1 b5 12. b4 Ra8 13. e4 Bb7 14. Re1 Rac8 15. cxd6 Bxd6 16. Bxd6 Qb6 17. Bxf8 Rxf8 18. e5 Nh5 19. Ne4 Qd8 20. Nd6 Ba8 21. Qc2 Nhf6 22. exf6 Nxf6 23. Ne4 g6 24. Qd2 Re8 25. Qh6 c5 26. Nfg5 Bxe4 27. Rxe4 Nxe4 28. Qxh7+ Kf8 29. Qxf7# 1-0

[Event "Nova Odessa Regional 9th"]
[White "Duraes, Thiago Nogueira"]
[Black "Rouanet, Luiz Paulo"]
[Site "Nova Odessa"]
[Round "2"]
[Result "1/2-1/2"]
[Date "2016.01.30"]
[WhiteElo "1668"]
[BlackElo "2014"]
[PlyCount "71"]
[EventDate "2016.01.30"]
[EventType "swiss"]
[EventRounds "5"]
[EventCountry "BRA"]
[SourceTitle "EXT 2017"]
[Source "ChessBase"]
[SourceDate "2016.10.25"]
[SourceVersion "1"]
[SourceVersionDate "2016.10.25"]
[SourceQuality "1"]

1. d4 d5 2. c4 e6 3. Nc3 Nf6 4. Nf3 c6 5. cxd5 exd5 6. h3 h6 7. Bf4 Bd6 8. Bxd6 Qxd6 9. e3 Nbd7 10. Bd3 0-0 11. 0-0 Re8 12. Qc2 Qe7 13. Nd2 Nf8 14. Rfe1 Be6 15. e4 dxe4 16. Ncxe4 Nxe4 17. Bxe4 Qd7 18. Qc3 Bd5 19. Bxd5 Qxd5 20. Nb3 Ne6 21. Re5 Qd6 22. Rae1 Red8 23. Rd1 Qxe5 24. dxe5 Rxd1+ 25. Kh2 Rad8 26. Nc5 Nxc5 27. Qxc5 a6 28. e6 fxe6 29. Qe7 R1d7 30. Qxe6+ Kh8 31. Qb3 Rf8 32. Qb6 Rd2 33. Qxb7 Rfxf2 34. Qxc6 Rxb2 35. Qe8+ Kh7 36. Qe4+ 1/2-1/2

[Event "Campinas IRT Regional 8th"]
[White "Rouanet, Luiz Paulo"]
[Black "Bruce, Shannon Hill"]
[Site "Campinas"]
[Round "4.1"]
[Result "1-0"]
[Date "2015.06.21"]
[WhiteElo "2008"]
[BlackElo "2099"]
[PlyCount "107"]
[EventDate "2015.05.26"]
[EventType "swiss"]
[EventRounds "5"]
[EventCountry "BRA"]
[SourceTitle "EXT 2022"]
[Source "ChessBase"]
[SourceDate "2021.10.06"]
[SourceVersion "1"]
[SourceVersionDate "2021.10.06"]
[SourceQuality "1"]

1. d4 Nf6 2. Bf4 g6 3. h3 Bg7 4. e3 d6 5. c4 0-0 6. Nc3 c6 7. Nf3 a6 8. Rc1 b5 9. a3 Qa5 10. Qd2 Nbd7 11. Be2 bxc4 12. Bxc4 Nb6 13. Be2 Bb7 14. 0-0 Nbd5 15. Nxd5 Qxd5 16. Qb4 Rab8 17. Qc4 a5 18. b4 axb4 19. axb4 Ba8 20. Rb1 Rb6 21. Rb3 Rfb8 22. Rfb1 h6 23. Qc2 Qe6 24. Bc4 Qd7 25. Qa2 e6 26. Ra3 Bb7 27. Ra7 Nd5 28. Qa5 Qc7 29. Bxd5 cxd5 30. Kh2 Bf8 31. Rc1 Qxc1 32. Qxb6 Qc6 33. Qa5 Qc8 34. b5 g5 35. Bg3 Be7 36. Qb6 Ba8 37. Qa5 Bb7 38. Nd2 Kf8 39. Qb4 Qd7 40. Nb3 Ra8 41. b6 e5 42. Na5 Rb8 43. Qb3 f6 44. Qb1 Kg7 45. h4 Bd8 46. h5 e4 47. f3 f5 48. Qb3 Kf6 49. fxe4 fxe4 50. Qb2 Ke6 51. Qe2 Kf7 52. Nxb7 Rxb7 53. Qa6 Kf6 54. Qxb7 1-0

[Event "Sao Paulo Hebraica op 17th"]
[White "Rouanet, Luiz Paulo"]
[Black "Marino, Felipe Gabriel"]
[Site "Sao Paulo"]
[Round "1"]
[Result "1/2-1/2"]
[Date "2014.01.09"]
[WhiteElo "2022"]
[BlackElo "1649"]
[PlyCount "50"]
[EventDate "2014.01.09"]
[EventType "swiss"]
[EventRounds "6"]
[EventCountry "BRA"]
[SourceTitle "CBM 158 Extra"]
[Source "ChessBase"]
[SourceDate "2014.02.28"]
[SourceVersion "1"]
[SourceVersionDate "2014.02.28"]
[SourceQuality "1"]

1. d4 d5 2. Bf4 Nf6 3. e3 e6 4. h3 Bd6 5. Bxd6 Qxd6 6. a3 0-0 7. Nf3 b6 8. Nbd2 Ba6 9. Bxa6 Nxa6 10. Qe2 b5 11. b4 c6 12. 0-0 Nc7 13. e4 dxe4 14. Nxe4 Nxe4 15. Qxe4 Nd5 16. Rfe1 a5 17. c4 bxc4 18. Ne5 axb4 19. Nxc4 Qe7 20. axb4 Rxa1 21. Rxa1 Qxb4 22. Ne5 c5 23. Nd7 Qc3 24. Rb1 Nf6 25. Nxf6+ gxf6 1/2-1/2

[Event "Sao Paulo Braga op"]
[White "Molina, Roberto Junio Brito"]
[Black "Rouanet, Luiz Paulo"]
[Site "Sao Paulo"]
[Round "6"]
[Result "1-0"]
[Date "2011.04.23"]
[WhiteElo "2428"]
[BlackElo "2033"]
[PlyCount "82"]
[EventDate "2011.04.20"]
[EventType "swiss"]
[EventRounds "9"]
[EventCountry "BRA"]
[SourceTitle "CBM 141 Extra"]
[Source "ChessBase"]
[SourceDate "2011.05.03"]
[SourceVersion "1"]
[SourceVersionDate "2011.05.03"]
[SourceQuality "1"]

1. d4 d5 2. c4 c6 3. Nf3 Nf6 4. e3 e6 5. Nc3 Nbd7 6. Qc2 Be7 7. Bd3 h6 8. 0-0 Qc7 9. b3 0-0 10. Bb2 Qb8 11. Rac1 Re8 12. Rfd1 Bd6 13. e4 dxe4 14. Nxe4 Nxe4 15. Bxe4 e5 16. h3 exd4 17. Nxd4 Bf8 18. Re1 Rd8 19. Nf5 Qf4 20. Rcd1 Kh8 21. h4 f6 22. g3 Qc7 23. Qe2 Nc5 24. Bb1 Rxd1 25. Qxd1 Bxf5 26. Bxf5 Qf7 27. Bb1 Re8 28. Rxe8 Qxe8 29. Qc2 Qe1+ 30. Kg2 Kg8 31. Bxf6 Qe4+ 32. Qxe4 Nxe4 33. Bxg7 Kxg7 34. Bxe4 Kf6 35. f4 Ke6 36. g4 Kd7 37. g5 b6 38. Kf3 c5 39. Kg4 Kd6 40. Kf5 hxg5 41. fxg5 Bg7 1-0

[Event "Campinas 10"]
[White "De Moraes, Francisco Jose Baen"]
[Black "Rouanet, Luiz Paulo"]
[Site "Campinas"]
[Round "5"]
[Result "1/2-1/2"]
[Date "2009.11.01"]
[WhiteElo "1985"]
[BlackElo "2030"]
[PlyCount "50"]
[EventDate "2009.10.30"]
[EventType "tourn"]
[EventRounds "5"]
[EventCountry "BRA"]
[SourceTitle "EXT 2012"]
[Source "ChessBase"]
[SourceDate "2011.11.24"]
[SourceVersion "1"]
[SourceVersionDate "2011.11.24"]
[SourceQuality "1"]

1. c4 c5 2. Nc3 Nf6 3. Nf3 Nc6 4. d4 cxd4 5. Nxd4 Qb6 6. e3 g6 7. Be2 Bg7 8. 0-0 0-0 9. Nb3 d6 10. Nd5 Nxd5 11. cxd5 Nb4 12. e4 a5 13. Be3 Qd8 14. Bd4 e5 15. dxe6 Bxe6 16. Bxg7 Kxg7 17. a3 Nc6 18. Nd4 Nxd4 19. Qxd4+ Qf6 20. Qb6 Qe5 21. Bd3 Qc5 22. Qxc5 dxc5 23. Rac1 b6 24. Bc4 Bxc4 25. Rxc4 Rad8 1/2-1/2

[Event "Campinas 10"]
[White "Rouanet, Luiz Paulo"]
[Black "Menezes Se, Daniel"]
[Site "Campinas"]
[Round "3"]
[Result "1-0"]
[Date "2009.10.31"]
[WhiteElo "2030"]
[BlackElo "1608"]
[PlyCount "83"]
[EventDate "2009.10.30"]
[EventType "tourn"]
[EventRounds "5"]
[EventCountry "BRA"]
[SourceTitle "EXT 2012"]
[Source "ChessBase"]
[SourceDate "2011.11.24"]
[SourceVersion "1"]
[SourceVersionDate "2011.11.24"]
[SourceQuality "1"]

1. d4 Nf6 2. Nf3 g6 3. h3 Bg7 4. Bf4 0-0 5. e3 d6 6. Nbd2 Nbd7 7. Be2 Nh5 8. Bh2 e5 9. dxe5 dxe5 10. g4 Nhf6 11. Nxe5 Nxe5 12. Bxe5 Qe7 13. Bc3 c6 14. Bf3 Be6 15. Qe2 Rfd8 16. Nb3 Rd7 17. 0-0 a6 18. Rad1 Rad8 19. Rxd7 Rxd7 20. Rd1 Rxd1+ 21. Qxd1 Bxb3 22. axb3 Nd7 23. Bxg7 Kxg7 24. Qd4+ Qf6 25. g5 Qxd4 26. exd4 Kf8 27. Kf1 Ke7 28. Ke2 Kd6 29. Kd3 Nf8 30. c4 b6 31. b4 Kd7 32. c5 b5 33. d5 cxd5 34. Bxd5 Ke7 35. f4 Nd7 36. h4 Nf8 37. Ke4 Nd7 38. Bb7 a5 39. c6 Nb6 40. bxa5 Na4 41. a6 Kd6 42. a7 1-0

[Event "Campinas 10"]
[White "Rouanet, Luiz Paulo"]
[Black "Freire Mojon, Jacobo Jose"]
[Site "Campinas"]
[Round "4"]
[Result "1/2-1/2"]
[Date "2009.10.30"]
[WhiteElo "2030"]
[BlackElo "1857"]
[PlyCount "112"]
[EventDate "2009.10.30"]
[EventType "tourn"]
[EventRounds "5"]
[EventCountry "BRA"]
[SourceTitle "EXT 2012"]
[Source "ChessBase"]
[SourceDate "2011.11.24"]
[SourceVersion "1"]
[SourceVersionDate "2011.11.24"]
[SourceQuality "1"]

1. c4 e5 2. Nc3 Nf6 3. d3 Bc5 4. e3 c6 5. Nf3 d6 6. d4 exd4 7. exd4 Bb4 8. Be2 0-0 9. Bd2 Bf5 10. 0-0 Nbd7 11. Rc1 Re8 12. Re1 Bxc3 13. Bxc3 d5 14. h3 h6 15. Bf1 Ne4 16. cxd5 cxd5 17. Qb3 Nb6 18. Ba5 Re6 19. Rc5 Qf6 20. Bxb6 Rxb6 21. Rb5 Rxb5 22. Bxb5 Be6 23. Rc1 Qg6 24. Ne5 Qg5 25. Qe3 Qe7 26. f3 Nd6 27. Bd3 Rc8 28. Qd2 f6 29. Rxc8+ Bxc8 30. Ng6 Qe8 31. Qf4 Qe6 32. Qc1 a6 33. Kh1 f5 34. Nf4 Qf7 35. Qc5 Qf8 36. Qxd5+ Kh7 37. g4 Qe7 38. Kg2 g6 39. Qe5 Qxe5 40. dxe5 Nf7 41. e6 Nd6 42. e7 Kg7 43. Bc4 Bd7 44. Bb3 fxg4 45. hxg4 b5 46. Nd5 Kf7 47. Nc7+ Kxe7 48. Nxa6 Kf6 49. Nc5 Bc6 50. Kg3 g5 51. Bc2 Bd5 52. a3 Ke5 53. Nd3+ Kd4 54. Nc1 Bc6 55. Bb3 Nc4 56. Ne2+ Ke5 1/2-1/2

[Event "Campinas IRT LCX 07th"]
[White "Rouanet, Luiz Paulo"]
[Black "Segal, Alexandru Sorin"]
[Site "Campinas"]
[Round "9"]
[Result "1/2-1/2"]
[Date "2008.04.26"]
[WhiteElo "2056"]
[BlackElo "2233"]
[PlyCount "159"]
[EventDate "2008.04.05"]
[EventType "tourn"]
[EventRounds "11"]
[EventCountry "BRA"]
[SourceTitle "EXT 2022"]
[Source "ChessBase"]
[SourceDate "2021.10.06"]
[SourceVersion "1"]
[SourceVersionDate "2021.10.06"]
[SourceQuality "1"]

1. d4 f5 2. Nf3 Nf6 3. h3 g6 4. Bf4 Bg7 5. e3 c6 6. c4 d6 7. Nc3 0-0 8. Be2 Na6 9. 0-0 Qe8 10. Rc1 h6 11. Bh2 g5 12. Nd2 Be6 13. c5 dxc5 14. Bxa6 bxa6 15. dxc5 Nd7 16. b4 Ne5 17. Qe2 Qc8 18. a3 Rd8 19. Bxe5 Bxe5 20. Nf3 Bg7 21. Nd4 Bf7 22. Rfd1 e5 23. Nf3 Qb7 24. Rxd8+ Rxd8 25. Rd1 Rxd1+ 26. Qxd1 a5 27. Qd8+ Kh7 28. Qxa5 Qd7 29. b5 cxb5 30. Qxb5 Qc7 31. e4 Bf8 32. c6 Bd6 33. Qb7 Qxb7 34. cxb7 Be8 35. exf5 Bc6 36. Nd2 Bxb7 37. Nc4 Bb8 38. g4 Kg7 39. Nb5 Bf3 40. Nc3 Bc7 41. Nb5 Bb8 42. Nd2 Bc6 43. Nc3 Bd6 44. Nc4 Bc7 45. Ne3 Ba5 46. Ncd5 Bb5 47. f6+ Kf7 48. Nf5 Ke6 49. f7 Kxf7 50. Nd6+ Ke6 51. Nxb5 Kxd5 52. Nxa7 Kc5 53. a4 Bd2 54. Kf1 Bf4 55. Ke2 Kb4 56. Nc6+ Kxa4 57. Kd3 Kb5 58. Ne7 Kc5 59. Ke4 Kd6 60. Nf5+ Ke6 61. Nxh6 Bh2 62. Nf5 Bf4 63. Kd3 Kd5 64. Ne3+ Ke6 65. Kc4 Bh2 66. Kd3 Bf4 67. Ke4 Bh2 68. Nf5 Kf6 69. h4 gxh4 70. Nxh4 Bf4 71. Nf3 Ke6 72. g5 Bc1 73. g6 Bf4 74. Ne1 Bh6 75. Nd3 Bg7 76. f3 Bf6 77. Nf2 Bg7 78. Ng4 Bh8 79. Nh6 Bf6 80. Nf5 1/2-1/2

[Event "Campinas IRT LCX 05th"]
[White "Paniza, Antonio Carlos"]
[Black "Rouanet, Luiz Paulo"]
[Site "Campinas"]
[Round "10"]
[Result "0-1"]
[Date "2008.04.09"]
[WhiteElo "1872"]
[BlackElo "2056"]
[PlyCount "54"]
[EventDate "2008.03.21"]
[EventType "tourn"]
[EventRounds "13"]
[EventCountry "BRA"]
[SourceTitle "EXT 2022"]
[Source "ChessBase"]
[SourceDate "2021.10.06"]
[SourceVersion "1"]
[SourceVersionDate "2021.10.06"]
[SourceQuality "1"]

1. d4 Nf6 2. c4 g6 3. Nc3 d5 4. e3 Bg7 5. b3 0-0 6. Nf3 c5 7. h3 cxd4 8. exd4 dxc4 9. Bxc4 Nc6 10. Be3 Bf5 11. a3 Rc8 12. 0-0 Na5 13. Qe2 a6 14. Rac1 b5 15. Bd3 Nxb3 16. Rc2 Bxd3 17. Qxd3 Nc5 18. Qd1 Nce4 19. Nxe4 Nxe4 20. Qd3 Qd5 21. Rxc8 Rxc8 22. Rc1 Rxc1+ 23. Bxc1 Qc4 24. Qe3 e6 25. g4 Nc3 26. Kg2 Nd5 27. Bd2 Nxe3+ 0-1

[Event "Campinas IRT LCX 05th"]
[White "Rouanet, Luiz Paulo"]
[Black "Goncalves, Marcus Vinicius M"]
[Site "Campinas"]
[Round "6"]
[Result "1-0"]
[Date "2008.03.28"]
[WhiteElo "2056"]
[BlackElo "1779"]
[PlyCount "67"]
[EventDate "2008.03.21"]
[EventType "tourn"]
[EventRounds "13"]
[EventCountry "BRA"]
[SourceTitle "EXT 2022"]
[Source "ChessBase"]
[SourceDate "2021.10.06"]
[SourceVersion "1"]
[SourceVersionDate "2021.10.06"]
[SourceQuality "1"]

1. d4 Nf6 2. Nf3 g6 3. Bf4 d5 4. h3 Bg7 5. e3 0-0 6. Be2 c5 7. c3 cxd4 8. exd4 Nc6 9. 0-0 Qb6 10. Qb3 Qxb3 11. axb3 Ne4 12. b4 Bd7 13. b5 Nd8 14. Ne5 Bxe5 15. Bxe5 f6 16. Bh2 Nf7 17. f3 Ned6 18. Na3 Rfc8 19. Rfe1 e6 20. Rac1 b6 21. b3 Rc7 22. c4 Rac8 23. Rcd1 Re8 24. Bf1 Rcc8 25. Rc1 Nb7 26. Nb1 Na5 27. Nd2 dxc4 28. bxc4 e5 29. Ne4 Kg7 30. dxe5 fxe5 31. Rc3 Nb7 32. Ra1 Nfd6 33. Nxd6 Nxd6 34. Rxa7 1-0

[Event "Campinas IRT 3rd"]
[White "Labegalini, Antonio Luiz"]
[Black "Rouanet, Luiz Paulo"]
[Site "Campinas"]
[Round "10"]
[Result "0-1"]
[Date "2007.10.20"]
[WhiteElo "1852"]
[BlackElo "2056"]
[PlyCount "39"]
[EventDate "2007.10.05"]
[EventType "tourn"]
[EventRounds "11"]
[EventCountry "BRA"]
[SourceTitle "EXT 2022"]
[Source "ChessBase"]
[SourceDate "2021.10.06"]
[SourceVersion "1"]
[SourceVersionDate "2021.10.06"]
[SourceQuality "1"]

1. d4 d5 2. Nf3 Nf6 3. c4 e6 4. Nc3 c6 5. e3 Bb4 6. a3 Bxc3+ 7. bxc3 dxc4 8. Bxc4 b5 9. Bd3 Bb7 10. 0-0 Nbd7 11. a4 a6 12. Ba3 Qc7 13. e4 Rc8 14. e5 Ng8 15. Ng5 c5 16. axb5 c4 17. Be4 axb5 18. Qf3 Nxe5 19. dxe5 Bxe4 20. Nxe4 0-1

[Event "Sao Paulo Itau Cup 7th"]
[White "Rouanet, Luiz Paulo"]
[Black "Batista, Renato Luiz"]
[Site "Sao Paulo"]
[Round "3"]
[Result "0-1"]
[Date "2003.09.29"]
[WhiteElo "2071"]
[BlackElo "2233"]
[PlyCount "104"]
[EventDate "2003.10.??"]
[EventType "swiss"]
[EventRounds "9"]
[EventCountry "BRA"]
[SourceTitle "CBM 096 Extra"]
[Source "ChessBase"]
[SourceDate "2003.10.22"]
[SourceVersion "2"]
[SourceVersionDate "2003.10.20"]
[SourceQuality "1"]

1. d4 d5 2. Nf3 Nf6 3. c4 dxc4 4. e3 e6 5. Bxc4 c5 6. 0-0 a6 7. Bb3 b5 8. dxc5 Qxd1 9. Rxd1 Bxc5 10. Bd2 Bb7 11. Nc3 Nc6 12. Rac1 Bb6 13. Be1 0-0 14. Bc2 Rfd8 15. Ne4 Nd5 16. Bb1 Nce7 17. Nc5 Bc6 18. Ne5 Be8 19. Nb7 Rdc8 20. Rxc8 Nxc8 21. Ba5 f6 22. Nf3 Bxa5 23. Nxa5 Nce7 24. e4 Nc7 25. e5 f5 26. Ng5 h6 27. Rc1 Rd8 28. Nf3 g5 29. h3 Ncd5 30. Nb7 Ra8 31. a3 Bc6 32. Nc5 Kf7 33. Nd4 Nf4 34. Nd3 Nxd3 35. Bxd3 Bd5 36. Rc7 Rc8 37. Rxc8 Nxc8 38. a4 Bc4 39. Bxc4 bxc4 40. a5 Na7 41. Kf1 Ke7 42. Ke1 Kd7 43. Kd2 Nc6 44. Nxc6 Kxc6 45. Kc3 Kc5 46. g4 f4 47. f3 Kd5 48. b3 cxb3 49. Kxb3 Kxe5 50. Kc4 Kd6 51. Kd4 e5+ 52. Ke4 Ke6 0-1

[Event "Sao Paulo-ch fin"]
[White "Rouanet, Luiz Paulo"]
[Black "De Castro, Alexandre Zanini"]
[Site "Serra Negra"]
[Round "?"]
[Result "0-1"]
[Date "2002.??.??"]
[WhiteElo "2017"]
[BlackElo "2296"]
[PlyCount "66"]
[EventDate "2002.05.30"]
[EventType "swiss"]
[EventRounds "9"]
[EventCountry "BRA"]
[SourceTitle "CBM 088 Extra"]
[Source "ChessBase"]
[SourceDate "2002.07.01"]
[SourceVersion "2"]
[SourceVersionDate "2002.07.01"]
[SourceQuality "1"]

1. d4 d5 2. Nf3 c6 3. e3 Nf6 4. Bd3 Bg4 5. Nbd2 Nbd7 6. c4 e5 7. cxd5 Nxd5 8. dxe5 Nxe5 9. Be2 Nxf3+ 10. Bxf3 Be6 11. a3 Be7 12. 0-0 0-0 13. Qc2 Qc7 14. b4 Bf6 15. Bb2 Bxb2 16. Qxb2 Rad8 17. Rac1 a5 18. b5 Qb6 19. Nc4 Qxb5 20. Qxb5 cxb5 21. Nxa5 Ra8 22. Nxb7 Rxa3 23. Nc5 Nc3 24. Nxe6 fxe6 25. Kh1 Kf7 26. h3 Ke7 27. Ra1 b4 28. Kh2 Rb8 29. Rac1 Ra2 30. Kg3 Rd8 31. Bd1 Ne4+ 32. Kf4 Nd2 33. Re1 Rf8+ 0-1